2023 Year End ATP Top 100 - Statistics

General Stats
  • This quiz has been taken 488 times
  • The average score is 57 of 100
Answer Stats
Rank Nation Player % Correct
1 Serbia Novak Djokovic
100%
2 Spain Carlos Alcaraz
99%
3 Russia Daniil Medvedev
99%
4 Italy Jannik Sinner
98%
7 Germany Alexander Zverev
96%
5 Russia Andrey Rublev
96%
8 Denmark Holger Rune
96%
6 Greece Stefanos Tsitsipas
96%
11 Norway Casper Ruud
95%
14 Bulgaria Grigor Dimitrov
94%
9 Poland Hubert Hurkacz
94%
12 Australia Alex de Minaur
93%
10 USA Taylor Fritz
93%
16 USA Frances Tiafoe
90%
15 Russia Karen Khachanov
87%
13 USA Tommy Paul
87%
17 USA Ben Shelton
86%
18 Great Britain Cameron Norrie
84%
29 Canada Félix Auger-Aliassime
82%
32 Kazakhstan Alexander Bublik
80%
19 Chile Nicolás Jarry
79%
20 France Ugo Humbert
79%
49 Switzerland Stan Wawrinka
78%
42 Great Britain Andy Murray
77%
21 Argentina Francisco Cerúndolo
77%
74 France Gaël Monfils
77%
23 Netherlands Tallon Griekspoor
77%
36 France Arthur Fils
75%
27 Italy Lorenzo Musetti
75%
25 Germany Jan-Lennard Struff
70%
37 Croatia Borna Ćorić
69%
98 Austria Dominic Thiem
69%
61 Great Britain Jack Draper
69%
47 Japan Yoshihito Nishioka
69%
26 Spain Alejandro Davidovich Fokina
68%
31 Czech Republic Jiří Lehečka
68%
28 Argentina Sebastián Báez
68%
22 France Adrian Mannarino
67%
46 Italy Lorenzo Sonego
66%
92 Italy Matteo Berrettini
65%
50 Netherlands Botic van de Zandschulp
63%
38 Great Britain Daniel Evans
63%
24 USA Sebastian Korda
63%
57 Spain Roberto Bautista Agut
60%
52 Serbia Dušan Lajović
59%
59 Hungary Márton Fucsovics
58%
58 China Zhizhen Zhang
58%
54 Serbia Miomir Kecmanović
57%
30 Argentina Tomás Martín Etcheverry
57%
85 Chile Alejandro Tabilo
56%
55 Australia Jordan Thompson
56%
33 Serbia Laslo Djere
56%
40 Australia Alexei Popyrin
55%
35 Russia Aslan Karatsev
54%
82 Chile Cristian Garín
53%
66 Portugal Nuno Borges
53%
78 Czech Republic Tomáš Macháč
53%
69 Finland Emil Ruusuvuori
52%
65 Australia Thanasi Kokkinakis
51%
76 France Richard Gasquet
50%
79 Brazil Thiago Seyboth Wild
50%
44 Italy Matteo Arnaldi
48%
39 Russia Roman Safiullin
47%
43 Austria Sebastian Ofner
47%
56 Germany Daniel Altmaier
45%
64 Hungary Fábián Marozsán
44%
60 USA Marcos Giron
44%
75 Japan Taro Daniel
44%
94 Switzerland Dominic Stricker
40%
63 Spain Roberto Carballés Baena
40%
34 USA Christopher Eubanks
39%
41 USA Mackenzie McDonald
39%
86 Spain Jaume Munar
38%
93 Colombia Daniel Elahi Galán
37%
51 Germany Yannick Hanfmann
37%
97 USA Alex Michelsen
34%
96 France Arthur Rinderknech
34%
48 Russia Alexander Shevchenko
33%
77 Germany Dominik Koepfer
32%
83 Peru Juan Pablo Varillas
32%
73 France Benjamin Bonzi
31%
45 Australia Max Purcell
31%
67 Russia Pavel Kotov
30%
88 Argentina Federico Coria
29%
71 Australia Rinky Hijikata
29%
62 Australia Aleksandar Vukic
28%
81 France Alexandre Müller
28%
90 France Luca van Assche
28%
68 Australia Christopher O'Connell
27%
53 USA J.J. Wolf
27%
100 France Quentin Halys
27%
89 Spain Albert Ramos-Viñolas
26%
72 Croatia Borna Gojo
25%
80 Spain Bernabé Zapata Miralles
23%
87 France Constant Lestienne
23%
70 Argentina Pedro Cachín
22%
99 Japan Yosuke Watanuki
22%
91 Germany Maximilian Marterer
20%
95 Argentina Facundo Díaz Acosta
18%
84 France Gregoire Barrere
18%
No matching quizzes found
Score Distribution
Percent of People with Each Score
Percentile by Number Answered
Your Score History
You have not taken this quiz